01227nam a2200301 a 450000100100000000500170001000800410002704000250006804100380009308200180013110000330014924000590018224501410024126000310038230000210041349000290043453400690046350000320053250000210056465000720058565000190065770000340067670000360071083000370074604900090078395201160079299900170090800002527220240509123003.0110209s1986 sp r 000 | spa d aDO-SdBNPbspacBNPHU17aspaheng2Código de idioma MARC a305.42bB328m1 aBataille, Gretchen M.95178100aAmerican Indian women, telling their lives.lEspañol13aLa mujer india americana :bhistoria, vida, costumbres /cGretchen M. Bataille, Kathleen Mullen Sands ; traducción José Ma. Rodelgo. aBarcelona :bMitre,c1986. a254 p. ;c22 cm.1 aTextos de Antropología aTítulo original :tAmerican Indian women, telling their lives. aBibliografía : p. 245-250 aIncluye índice 4aIndígenas de américa del nortexVida social y costumbres951782 0aMujeres9139681 aSands, Kathleen Mullen9517831 aRodelgo, José Ma.etr.951784 0aTextos de Antropología.951785 aBNGR 001050718MOaGRbGRcCTd2011-02-11iLF1l0o305.42 B328mp25272-10r2020-06-25w2020-06-25y1ZNo se presta c24765d24765